| 000 | 00662nam a22002297a 4500 | ||
|---|---|---|---|
| 005 | 20170124110053.0 | ||
| 010 | _aA-048568 | ||
| 020 |
_c00.00 _a0460043196 |
||
| 035 | _aA-048568 | ||
| 037 | _bCen Lib/Ret | ||
| 040 |
_aDPL _bEN |
||
| 082 |
_a613.2 _bPOL |
||
| 100 |
_aPolunin, Miriam _925813 |
||
| 245 |
_aThe right way to eat : _cby Miriam Polunin _bto feel good, or even better / |
||
| 260 |
_aLondon _bJ. M. Dent and Sons _c1978 |
||
| 270 | _aAldine House, Albemarle Street | ||
| 300 |
_a162p. _c20cm(Hb) |
||
| 500 | _aIncludes index | ||
| 650 |
_aNutrition _99307 |
||
| 650 |
_aDiet _920140 |
||
| 942 |
_2ddc _cEN _h613.2 _mPOL |
||
| 999 |
_c129241 _d129241 |
||